000 00276nam a2200097Ia 4500
005 20251222114357.0
008 251222s1900||||xx |||||||||||||| ||spa||
082 _aDVD0090/B27/2004
245 0 _aKarol: el hombre que se convirtió en Papa:Karol: a man who became Pope
942 _cDVD
999 _c1483
_d1483